Obsahová štruktúra učebnice základov ekonómie a ekonomiky pre stredné školy a jej determinanty

Hlavné determinanty obsahu ekonomického vzdelávania na stredných školách neekonomického zamerania. Zmeny v obsahu povinného ekonomického vzdelávania na gymnáziách v dôsledku školskej obsahovej reformy v SR. Obsahová štruktúra učebnice základov ekonómie a ekonomiky pre stredné školy.

Uložené v:
Podrobná bibliografia
Hlavný autor: Novák, Jaromír, 1978-
Médium: Kapitola
Jazyk:Slovak
Predmet:
Tagy: Pridať tag
Žiadne tagy, Buďte prvý, kto otaguje tento záznam!

MARC

LEADER 00000naa$a2200000$$$4500
001 0109148
005 20240502072215.2
041 0 |a slo 
044 |a SK 
245 1 0 |a Obsahová štruktúra učebnice základov ekonómie a ekonomiky pre stredné školy a jej determinanty  |c Jaromír Novák 
520 |a Hlavné determinanty obsahu ekonomického vzdelávania na stredných školách neekonomického zamerania. Zmeny v obsahu povinného ekonomického vzdelávania na gymnáziách v dôsledku školskej obsahovej reformy v SR. Obsahová štruktúra učebnice základov ekonómie a ekonomiky pre stredné školy. 
610 2 0 |a vzdelávanie 
610 2 0 |a školy stredné 
610 2 0 |a ekonómia 
610 2 0 |a učebnice 
100 1 |a Novák, Jaromír, 1978-